Normal view
MARC view
- नांगरे पाटील, विश्वास
Entry Personal Name
001 - CONTROL NUMBER
- control field: 79657
003 - CONTROL NUMBER IDENTIFIER
- control field: OSt
005 - DATE AND TIME OF LATEST TRANSACTION
- control field: 20220806114026.0
008 - FIXED-LENGTH DATA ELEMENTS
- fixed length control field: 220806|| aca||aabn | a|a d
040 ## - CATALOGING SOURCE
- Original cataloging agency: OSt
- Transcribing agency: OSt
100 ## - HEADING--PERSONAL NAME
- Personal name: नांगरे पाटील, विश्वास
670 ## - SOURCE DATA FOUND
- Source citation: Work cat.: (OSt)44072: नांगरे पाटील, विश्वास, मन में है विश्वास, 2016